Los amiguetes del pequeño Nicolás / (Registro nro. 10843)

Detalles MARC
000 -LIDER
fixed length control field 01188nam a22003737i 4500
001 - NÚMERO DE CONTROL
Identificador de número de control 000580
003 - IDENTIFICACDOR DE NÚMERO DE CONTROL
control field DO-SdBNP
005 - DATE AND TIME OF LATEST TRANSACTION
control field 20180220111631.0
007 - CAMPOS FIJOS DE DESCRIPCIÓN FÍSICA
fixed length control field 000580
008 - ELEMENTOS DE LONGITUD FIJA
fixed length control field 891108s1988 sp spa
015 ## - NÚMERO DENTRO DE LA BIBLIOGRAFÍA NACIONAL
National bibliography number
016 7# - NO. DE CONTROL DE LA AGENCIA BIB. NACIONAL
Record control number
Canceled/invalid record control number
Source BPMSU
017 ## - NÚMERO DE REGISTRO DE DERECHOS DE AUTOR
Copyright or legal deposit number
Assigning agency
020 ## - ISBN
International Standard Book Number 8434586339
035 ## - NÚMERO LOCAL
System control number
040 ## - FUENTE DE CATALOGACIÓN
Agencia que crea de manera original el registro BPMSU
Idioma de catalogación spa
Agencia que realiza la transcripción BPMSU
Convenciones de la despripción
080 #0 - NÚMERO DE CLASIFICACIÓN DECIMAL UNIVERSAL
Universal Decimal Classification number
082 ## - NÚMERO DE CLASIFICACIÓN DECIMAL DE DEWEY
Edition number
Classification number I843.91
Item number A516p
100 1# - ASIENTO PRINCIPAL -- NOMBRE PERSONAL
Nombre personal Goscinny, René,
Fechas asociadas con el nombre 1926-1977.
240 ## - TITULO UNIFORME
Título uniforme tLe petit Nicolas et les copains.
Idioma de una obra Español
245 14 - MENCIÓN DE TITULO
Título Los amiguetes del pequeño Nicolás /
Medio (Designación general de material)
Mención de responsabilidad René Goscinny ; traducción de Esther Benítez ; ilustraciones de Sempé.
260 1# - PUBLICACIÓN, DISTRIBUCIÓN, ETC. (PIE DE IMPRENTA)
Lugar de publicación, distribución, etc Barcelona :
Nombre del editor, distribuidor, etc. Salvat,
Fecha de publicación, distribución, etc 1988
300 ## - DESCRIPCIÓN FÍSICA
Extensión 118 p.;
Dimensiones 23 cm
490 1# - MENCIÓN DE SERIES
Mención de serie Biblioteca juvenil
Volume/sequential designation 53
500 ## - NOTA GENERAL
Nota general Incluye datos biográficos del autor en la contracubierta
600 ## - ENCABEZAMIENTO DE MATERIA--NOMBRE PERSONAL
Nombre personal
650 ## - ENCABEZAMIENTO DE MATERIA--TEMÁTICO
Término temático o nombre geográfico como elemento de entrada CUENTOS INFANTILES FRANCESES
Fuente del encabezamiento o término
700 ## - ASIENTO SECUNDARIO -- NOMBRE PERSONAL
Nombre personal Benítez Eiroa, María Esther,
Fechas asociadas con el nombre 1937-2001
Mención de responsabilidad tr.
700 ## - ASIENTO SECUNDARIO -- NOMBRE PERSONAL
Nombre personal Sempé, Jean-Jacques,
Fechas asociadas con el nombre 1932-
Mención de responsabilidad il.
830 #0 - ASIENTO SECUNDARIO DE SERIE--TÍTULO UNIFORME
Título uniforme Biblioteca juvenil (Salvat Editores)
Volume number/sequential designation 53
942 ## - ADDED ENTRY ELEMENTS (KOHA)
Source of classification or shelving scheme Dewey Decimal Classification
Koha item type Libros
945 ## - INFORMACIÓN DE PROCESAMIENTO LOCAL
Información de procesamiento local inventariado extranjero / DG
956 ## - LOCAL ELECTRONIC LOCATION AND ACCESS (OCLC)
Nombre de host VMATEO
Número de acceso 10
Información de compresión 20160712
Trayectoria BPMSU
Nombre Electrónico 0069
Existencias
Withdrawn status Lost status Source of classification or shelving scheme Damaged status Not for loan Collection code Home library Current library Date acquired Source of acquisition Total Checkouts Full call number Barcode Date last seen Price effective from Koha item type
    Dewey Decimal Classification       Biblioteca Pública Metropolitana Salomé Ureña Biblioteca Pública Metropolitana Salomé Ureña 07/12/2016 FUNDI   I843.91 A516p BPMET16070419 07/12/2016 07/12/2016 Libros